000 00652nam a2200277Ia 4500
005 20260324143253.0
008 008 260324s9999 xx 000 0 eng d
020 _a9781315230955
037 _aEBOOK
040 _aCRL
040 _beng
040 _cCRL
041 _2eng
041 _aeng
084 _qCRL
100 _aRob Millar; Valerie Crute; Owen Hargie
_91215035
245 0 _aProfessional Interviewing
260 _bTaylor and Francis
260 _c1992
365 _a
365 _b180
856 _uhttp://www.taylorfrancis.com/books/9781315230955
942 _cEBOOK
999 _c1820204
_d1820204